Normal view MARC view

Entry Personal Name

Number of records used in: 1

001 - CONTROL NUMBER

  • control field: 14298

003 - CONTROL NUMBER IDENTIFIER

  • control field: OSt

005 - DATE AND TIME OF LATEST TRANSACTION

  • control field: 20210531162142.0

008 - FIXED-LENGTH DATA ELEMENTS

  • fixed length control field: 210531|| aca||aabn | a|a d

040 ## - CATALOGING SOURCE

  • Original cataloging agency: OSt
  • Transcribing agency: OSt

100 ## - HEADING--PERSONAL NAME

  • Personal name: Edited by Birkhead,R.Tim;Hosken,David,J;Pitnick,Scott;

670 ## - SOURCE DATA FOUND

  • Source citation: Work cat.: (OSt): Edited by Birkhead,R.Tim;Hosken,David,J;Pitnick,Scott;, Sperm Biology;, 2009.